INSTITUCIONES ROMANAS /

Gespeichert in:
Bibliographische Detailangaben
1. Verfasser: Bloch, Leo (autor)
Format: Buch
Ausgabe:2a edición
Schriftenreihe:(Biblioteca de Iniciación Cultural ; Ciencias Históricas) 247.
Schlagworte:
Tags: Tag hinzufügen
Keine Tags, Fügen Sie das erste Tag hinzu!

MARC

LEADER 00000nam^a2200000^a^4500
001 000241954
005 20250521000000.0
009 20260310105237.39
035 |a 064996 
037 |a Acervo Xavier Clavigero 
082 |a 320. 9  |b BLO 
100 |a Bloch, Leo  |e (autor) 
245 1 0 |a INSTITUCIONES ROMANAS /  |c LEO BLOCH ; TR. GUILLERMO ZOTTER 
250 |a 2a edición 
264 |a BARCELONA :  |b LABOR,  |c 1942 
300 |a 229 p., XVI :  |b retrs. 
336 |a texto  |b txt  |2 rdacontenido 
337 |a sin mediación  |b n  |2 rdamedio 
338 |a volumen  |b nc  |2 rdasoporte 
440 |a (Biblioteca de Iniciación Cultural ;  |v 247.  |p Ciencias Históricas) 
649 |a XX 
650 |a Política -  |z Roma -  |x Historia 
650 |a Roma -  |x Historia 
910 |a Fondo General 
920 |a Impresos - Libros 
930 |a Colección General 
905 |a 101 
901 |a 064996  |b IT1  |c ACC  |i 064996  |u 20250521 
902 |a https://opac.biblio.iteso.mx/vufind/Record/000241954